|
|
|
|
| LEADER |
00000nab a2200000 a 4500 |
| 001 |
vtls000586039 |
| 003 |
SK-MaSNL |
| 005 |
20260304101934.0 |
| 008 |
250425c1996 xo 0 slo |
| 015 |
|
|
|a SNBRB19rr/mm-uuuuu
|
| 035 |
|
|
|a CL0586178
|
| 035 |
|
|
|a urn:nbn:sk:snk-abf6i
|
| 035 |
|
|
|a (urnnbn)urn:nbn:sk:snk:ar-002q7o
|
| 035 |
|
|
|a (uuid)ccb70de7-63b1-4cce-9f68-0758db5a996c
|
| 040 |
|
|
|a SNKBUCL
|b slo
|c SNKBUCL
|e AACR2
|
| 041 |
0 |
|
|a hun
|
| 044 |
|
|
|a xo
|c SK
|
| 080 |
|
|
|a 894.511 (498)-3=945.11
|2 1981
|
| 100 |
1 |
|
|a Madaras, Péter
|4 aut
|9 1398176
|
| 245 |
1 |
0 |
|a A dudor
|c Péter Madaras
|
| 650 |
0 |
7 |
|a mikropoviedky
|2 snkbucl
|9 612276
|
| 655 |
|
7 |
|a články z novín a časopisov
|2 snkbucl
|9 267496
|
| 655 |
|
7 |
|a články z odboru literárna veda a krásna literatúra
|2 snkbucl
|9 770045
|
| 773 |
0 |
|
|t Kalligram
|g Č. 4 (1996), s. 22
|
| 850 |
|
|
|a Slovenská národná knižnica
|
| 852 |
|
|
|a Slovenská národná knižnica
|
| 958 |
|
|
|a article27
|
| 958 |
|
|
|a OND
|
| 958 |
|
|
|a RK
|
| 958 |
|
|
|a HU
|
| 958 |
|
|
|a LX
|
| 958 |
|
|
|a RO
|
| 958 |
|
|
|a NX
|
| 992 |
|
|
|a RBX
|
| 999 |
|
|
|c 2843313
|d 2845243
|